000 00305nam a22001217a 4500
999 _c14002
_d14002
020 _a978-1-4419-7307-8
082 _a616.89
100 _aDonald K. Fromme
245 _aSystems of Psychotherapy: Dialectical Tensions and Integration
260 _aUSA
_bSpringer
_c2010
300 _a550 pages
942 _cBK